Artiste depuis une pochette d'album - Statistiques

Statistiques générales
  • Ce quiz a été pris 284 fois
  • Le résultat moyen est 17 sur 50
Statistiques - réponses
Par images Réponse % Correct
Michael Jackson
97%
Nirvana
94%
The Beatles
93%
Bob Marley
89%
Elvis Presley
82%
Pink Floyd
74%
ABBA
58%
Whitney Houston
57%
AC/DC
55%
Prince
51%
Queen
48%
Imagine Dragons
42%
Ray Charles
41%
David Bowie
39%
Coldplay
38%
Bruce Springsteen
37%
Jimi Hendrix
36%
Eagles
35%
Red Hot Chili Peppers
35%
Aretha Franklin
34%
Madonna
32%
Supertramp
32%
Fleetwood Mac
31%
Muse
30%
Marvin Gaye
29%
The Doors
29%
Bob Dylan
28%
Simon & Garfunkel
27%
The Police
27%
The Rolling Stones
27%
Wham!
25%
Aerosmith
20%
Dire Straits
20%
Elton John
20%
The Who
20%
Louis Armstrong
19%
Stevie Wonder
19%
Earth, Wind & Fire
18%
Eric Clapton
16%
Phil Colins
16%
Neil Young
14%
Led Zeppelin
13%
Chuck Berry
12%
Guns N' Roses
11%
Lynyrd Skynyrd
10%
Peter Gabriel
7%
Bon Jovi
5%
Kansas
3%
B.B King
2%
Creedance Clearwater Revival
2%
Aucun quiz correspondant
Distribution des résultats
% des personnes avec chaque résultat
Percentile par nombre de réponses
Votre historique - résultats
Vous n’avez pas pris ce quiz